Statistics for European Battle Royale: Day 7

Click here to take the quiz!

General Stats

  • This quiz has been taken 31 times
  • The average score is 3 of 5

Answer Stats

QuestionAnswer% Correct
NetherlandsYes, I want to save this country from elimination.
93%
MontenegroYes, I want to save this country from elimination.
60%
MonacoYes, I want to save this country from elimination.
57%
North MacedoniaYes, I want to save this country from elimination.
53%
MoldovaYes, I want to save this country from elimination.
43%

Score Distribution

Percentile by Number Answered

Percent of People with Each Score

Your Score History

You have not taken this quiz